Lịch sử Trung Quốc 5000 năm; T1
Gorde:
| Egile nagusia: | |
|---|---|
| Formatua: | Liburua |
| Hizkuntza: | Undetermined |
| Argitaratua: |
Hà Nội
VHTT
1998
|
| Gaiak: | |
| Etiketak: |
Etiketa erantsi
Etiketarik gabe, Izan zaitez lehena erregistro honi etiketa jartzen!
|
| Thư viện lưu trữ: | Trung tâm Học liệu Trường Đại học Cần Thơ |
|---|
| LEADER | 00544nam a2200193Ia 4500 | ||
|---|---|---|---|
| 001 | CTU_27725 | ||
| 008 | 210402s9999 xx 000 0 und d | ||
| 020 | |b 40.000đ | ||
| 082 | |a 895.1 | ||
| 082 | |b Đ110/T1 | ||
| 100 | |a Lâm Hán Đạt | ||
| 245 | 0 | |a Lịch sử Trung Quốc 5000 năm; T1 | |
| 245 | 0 | |c Lâm Hán Đạt, Tào Dư Chương | |
| 260 | |a Hà Nội | ||
| 260 | |b VHTT | ||
| 260 | |c 1998 | ||
| 650 | |a chinese literature | ||
| 904 | |i Minh, 990102 | ||
| 980 | |a Trung tâm Học liệu Trường Đại học Cần Thơ | ||